000 00849nam a2200289 a 4500
001 76844
003 BD-RjUL
005 20211209082909.0
008 200126s1963 enkacj b 000 0 eng
035 _a(BD-RjUL)77068
035 _a(OCoLC)1558820
040 _aDLC
_cMBNU
_dOCoLC
_dUk
_dDLC
_dBD-RjUL
_beng
041 _aeng
042 _apremarc
082 _223
_a928.2
_bPOJ 1963
100 1 _aPowell, Anthony
_d1905-2000.
_9238387
245 1 0 _aJohn Aubrey and his friends /
_cAnthony Powell
250 _aNew and rev. ed.
260 _aLondon :
_bHeinemann,
_cc1963
300 _a342 p.;
_billus.,
_c23 cm.
504 _aBibliography: p. 311-314. "Bibliographical notes": p. 315-329.
600 1 0 _aAubrey, John,
_d1626-1697.
_9238389
942 _2ddc
_cBK
999 _c76844
_d76844